[Event "EYCC 2017"]
[Site "Mamaia"]
[Date "2017.09.12"]
[Round "7"]
[White "Allahverdiyeva, Ayan"]
[Black "Lomaia, Diana"]
[Result "1-0"]
[WhiteElo "2042"]
[BlackElo "1753"]
[Annotator "NA RC"]
[PlyCount "127"]
[EventDate "2017.??.??"]
[EventType "swiss"]
[EventCountry "ROU"]
[SourceTitle "playchess.com"]
[Source "ChessBase"]
[SourceQuality "1"]
[TimeControl "40/5400+30:1800+30"]

1. e4 {[%emt 0:00:00]} c5 {[%emt 0:00:14]} 2. Nf3 {[%emt 0:00:00]} d6 {[%emt 0:00:16]} 3. c3 {[%emt 0:00:13]} Nf6 {[%emt 0:00:53]} 4. Bd3 {[%emt 0:00:13]} Nc6 {[%emt 0:03:17]} 5. Bc2 {[%emt 0:00:45]} g6 {[%emt 0:05:37]} 6. O-O {[%emt 0:02:50]} Bg7 {[%emt 0:00:13]} 7. d3 {[%emt 0:02:05] B50: Sicilian: 2...d6, Miscellaneous} (7. h3 O-O 8. d4 e5 9. dxc5 dxc5 10. Qe2 Qe7 11. Be3 b6 12. Nbd2 Nh5 13. Bb3 Nd8 14. Nc4 Ne6 15. Rfd1 Ba6 16. a4 Kh8 {1-0 (30) Mamedov,R (2636)-Lu,S (2516) Moscow 2012}) 7... O-O {[%emt 0:00:56]} 8. Re1 {[%emt 0:00:14]} Bg4 {[%emt 0:02:49]} 9. h3 {[%emt 0:00:54]} Bxf3 {[%emt 0:00:15]} 10. Qxf3 {[%emt 0:00:05]} Qc7 {[%emt 0:01:59]} 11. Be3 $146 {[%emt 0:02:25]} ({Predecessor:} 11. Nd2 Rad8 12. Nf1 h6 13. Bf4 Nh5 14. Bh2 e5 15. Ne3 Ne7 16. Bb3 Kh7 17. g4 Nf6 {½-½ (30) Rasmussen,P-Lerch,R ICCF corr 1985}) 11... b5 {[%emt 0:02:12]} 12. Qd1 {[%emt 0:02:00]} Rfc8 {[%emt 0:07:28]} 13. Nd2 {[%emt 0:04:16]} Nd7 {[%emt 0:02:46]} 14. Rc1 {[%emt 0:03:25]} a5 {[%emt 0:02:19]} 15. Nb1 {[%emt 0:03:33]} Qb7 {[%emt 0:04:49]} 16. f4 {[%emt 0:01:35]} b4 {[%emt 0:03:12]} 17. f5 {[%emt 0:14:40]} Nde5 {[%emt 0:03:43]} 18. Rf1 {[%emt 0:09:50]} Kh8 {[%emt 0:08:17]} (18... a4 $5) 19. Qe2 {[%emt 0:12:15]} Qa6 {[%emt 0:01:29]} 20. Bg5 $17 {[%emt 0:02:31]} (20. fxg6 $11 fxg6 21. Rcd1) 20... f6 {[%emt 0:05:21]} 21. Be3 {[%emt 0:04:30]} a4 {[%emt 0:00:28]} 22. c4 {[%emt 0:06:07]} Nd4 {[%emt 0:07:21]} 23. Qd2 {[%emt 0:01:24]} Qb6 {[%emt 0:02:04]} 24. Bd1 {[%emt 0:01:02]} Kg8 {[%emt 0:01:03]} 25. Bg4 {[%emt 0:01:17]} Nxg4 {[%emt 0:07:27]} 26. hxg4 {[%emt 0:00:04]} Rf8 {[%emt 0:03:52]} 27. Kf2 {[%emt 0:02:31]} Kf7 {[%emt 0:02:49]} 28. Rh1 {[%emt 0:00:12]} Rh8 {[%emt 0:01:08]} 29. Rh3 {[%emt 0:00:15]} a3 {[%emt 0:01:58]} 30. Bxd4 {[%emt 0:04:08]} cxd4 {[%emt 0:00:06]} 31. b3 {[%emt 0:00:28]} g5 {[%emt 0:03:30]} 32. e5 {[%emt 0:02:21]} dxe5 {[%emt 0:03:20]} 33. Qe2 {[%emt 0:00:10]} h6 {[%emt 0:01:14]} 34. Nd2 {[%emt 0:00:30]} Qc6 {[%emt 0:00:51]} 35. Ne4 {[%emt 0:00:31]} Rab8 {[%emt 0:00:47]} 36. Qf3 {[%emt 0:01:18]} Rbc8 {[%emt 0:00:54]} 37. c5 {[%emt 0:00:27]} Rc7 {[%emt 0:01:35]} 38. Rc4 {[%emt 0:00:58]} Rb8 {[%emt 0:00:38]} 39. Rh1 {[%emt 0:01:22]} Ke8 {[%emt 0:03:20]} 40. Qh3 {[%emt 0:00:00]} Kf8 {[%emt 0:01:27]} 41. Rhc1 {[%emt 0:03:10]} Qe8 {[%emt 0:08:07]} 42. Qh1 {[%emt 0:05:09]} Qc6 {[%emt 0:03:51]} 43. Qh5 {[%emt 0:02:24]} Qe8 {[%emt 0:05:27]} 44. c6 {[%emt 0:00:58]} Qxh5 {[%emt 0:02:07]} 45. gxh5 {[%emt 0:00:04]} Kf7 {[%emt 0:01:21]} 46. Nc5 {[%emt 0:02:03]} Rxc6 {[%emt 0:01:20]} 47. Ne6 {[%emt 0:00:04]} Rxc4 {[%emt 0:02:23]} 48. Rxc4 {[%emt 0:00:08]} Bf8 {[%emt 0:00:39]} 49. Kf3 {[%emt 0:00:12]} Bg7 {[%emt 0:06:10]} 50. g4 {[%emt 0:00:15]} Bf8 {[%emt 0:00:52]} 51. Ke4 {[%emt 0:00:48]} Bg7 {[%emt 0:00:31]} 52. Kd5 {[%emt 0:01:06]} Bf8 {[%emt 0:01:40]} 53. Rc5 {[%emt 0:00:42]} Bg7 {[%emt 0:00:52]} 54. Kc6 {[%emt 0:01:41]} e4 {[%emt 0:01:31]} 55. dxe4 {[%emt 0:00:32]} d3 {[%emt 0:00:51]} 56. Rd5 {[%emt 0:00:14]} Rc8+ {[%emt 0:00:23]} 57. Nc7 {[%emt 0:00:10]} Rb8 {[%emt 0:01:37]} 58. Rxd3 {[%emt 0:00:25]} Bf8 {[%emt 0:00:37]} 59. Rd7 {[%emt 0:00:45]} Bg7 {[%emt 0:00:56]} 60. Ne6 {[%emt 0:00:26]} Bf8 {[%emt 0:00:19]} 61. Rd8 {[%emt 0:00:42]} Rxd8 {[%emt 0:00:50]} 62. Nxd8+ {[%emt 0:00:35]} Ke8 {[%emt 0:00:11]} 63. Ne6 {[%emt 0:00:04]} Kf7 {[%emt 0:01:15]} 64. Kd7 {[%emt 0:00:28]} 1-0

[Event "EYCC 2017"]
[Site "Mamaia"]
[Date "2017.09.12"]
[Round "7"]
[White "Lomandong Noela-Joyce"]
[Black "Kucharska, Honorata"]
[Result "1/2-1/2"]
[WhiteElo "2040"]
[BlackElo "1917"]
[Annotator "NA RC"]
[PlyCount "72"]
[EventDate "2017.??.??"]
[EventType "swiss"]
[EventCountry "ROU"]
[SourceTitle "playchess.com"]
[Source "ChessBase"]
[SourceQuality "1"]
[TimeControl "40/5400+30:1800+30"]

1. Nf3 {[%emt 0:00:00]} Nf6 {[%emt 0:00:09]} 2. d4 {[%emt 0:00:00]} d6 {[%emt 0:00:06]} 3. Bf4 {[%emt 0:01:24]} Nbd7 {[%emt 0:02:13]} 4. h3 {[%emt 0:00:06]} g6 {[%emt 0:00:25]} 5. e3 {[%emt 0:00:05]} Bg7 {[%emt 0:00:08]} 6. Be2 {[%emt 0:00:04]} O-O {[%emt 0:00:23]} 7. O-O {[%emt 0:00:05]} b6 {[%emt 0:07:12]} 8. c4 {[%emt 0:03:24]} Bb7 {[%emt 0:01:05]} 9. Nc3 {[%emt 0:05:44]} Re8 {[%emt 0:00:47]} 10. Rc1 {[%emt 0:04:31]} e5 {[%emt 0:03:50]} 11. Bh2 {[%emt 0:01:35]} exd4 {[%emt 0:05:55]} 12. exd4 {[%emt 0:02:26]} Ne4 {[%emt 0:01:08]} 13. Nxe4 {[%emt 0:22:36]} Bxe4 {[%emt 0:00:10]} 14. Qd2 {[%emt 0:02:02]} Rb8 {[%emt 0:10:06]} 15. Bf4 {[%emt 0:07:22]} Nf8 {[%emt 0:06:42]} 16. Bg5 {[%emt 0:10:31]} Qd7 {[%emt 0:03:56]} 17. d5 {[%emt 0:05:40]} f6 {[%emt 0:07:29]} 18. Be3 {[%emt 0:00:59]} Bxf3 {[%emt 0:00:51]} 19. Bxf3 {[%emt 0:00:07]} a5 {[%emt 0:01:44]} 20. a3 {[%emt 0:04:02]} a4 {[%emt 0:06:21]} 21. Qb4 {[%emt 0:05:35]} Ra8 {[%emt 0:02:33]} 22. Rfe1 {[%emt 0:00:55]} f5 {[%emt 0:01:23]} 23. Kh1 {[%emt 0:07:19]} h6 {[%emt 0:02:37]} 24. Qd2 {[%emt 0:00:58]} Kh7 {[%emt 0:00:58]} 25. Rg1 {[%emt 0:02:13]} g5 {[%emt 0:02:41]} 26. Bh5 {[%emt 0:03:40]} Ng6 {[%emt 0:01:36]} 27. Rce1 {[%emt 0:04:27]} f4 {[%emt 0:07:41]} 28. Bd4 {[%emt 0:00:15]} Qf7 {[%emt 0:01:56]} 29. Bxg7 {[%emt 0:00:31]} Kxg7 {[%emt 0:00:19]} 30. Qc3+ {[%emt 0:03:44]} Qf6 {[%emt 0:00:43]} 31. Qc2 {[%emt 0:00:48]} Rxe1 {[%emt 0:00:48]} 32. Rxe1 {[%emt 0:00:18]} Ne5 {[%emt 0:00:37]} 33. Qe2 {[%emt 0:01:00]} Rf8 {[%emt 0:02:01]} 34. Qe4 {[%emt 0:01:49]} Ra8 {[%emt 0:00:39]} 35. Qe2 {[%emt 0:00:05]} Rf8 {[%emt 0:00:43]} 36. Qe4 {[%emt 0:00:06]} Ra8 {[%emt 0:01:07]} 1/2-1/2

[Event "EYCC 2017"]
[Site "Mamaia"]
[Date "2017.09.12"]
[Round "7"]
[White "Mironenko, Galina"]
[Black "Yakimova, Mariya"]
[Result "1-0"]
[WhiteElo "2035"]
[BlackElo "1736"]
[Annotator "NA RC"]
[PlyCount "79"]
[EventDate "2017.??.??"]
[EventType "swiss"]
[EventCountry "ROU"]
[SourceTitle "playchess.com"]
[Source "ChessBase"]
[SourceQuality "1"]
[TimeControl "40/5400+30:1800+30"]

1. Nf3 {[%emt 0:00:00]} Nf6 {[%emt 0:00:04]} 2. c4 {[%emt 0:00:00]} e6 {[%emt 0:00:05]} 3. g3 {[%emt 0:00:09]} b6 {[%emt 0:00:06]} 4. Bg2 {[%emt 0:00:07]} Bb7 {[%emt 0:00:04]} 5. d4 {[%emt 0:00:48]} Be7 {[%emt 0:00:17]} 6. O-O {[%emt 0:00:11]} O-O {[%emt 0:00:07]} 7. b3 {[%emt 0:00:41]} d6 {[%emt 0:05:10]} 8. Bb2 {[%emt 0:00:45]} Nbd7 {[%emt 0:01:50]} 9. Nbd2 {[%emt 0:04:00]} Ne4 {[%emt 0:03:22]} 10. Nxe4 {[%emt 0:07:29]} Bxe4 {[%emt 0:00:07]} 11. d5 {[%emt 0:05:09]} Bxf3 {[%emt 0:11:18]} 12. Bxf3 {[%emt 0:00:28]} e5 {[%emt 0:00:17]} 13. e4 {[%emt 0:01:46]} g6 {[%emt 0:11:39]} 14. Bg2 {[%emt 0:04:02]} f5 {[%emt 0:13:45]} 15. exf5 {[%emt 0:04:18]} gxf5 {[%emt 0:00:30]} 16. f4 {[%emt 0:17:29]} e4 {[%emt 0:09:14]} 17. g4 {[%emt 0:24:30]} Bf6 {[%emt 0:04:29]} 18. Bxf6 {[%emt 0:02:13]} Qxf6 {[%emt 0:01:10]} 19. g5 {[%emt 0:01:25]} Qg7 {[%emt 0:12:12]} 20. Qd2 {[%emt 0:08:32]} Nc5 {[%emt 0:04:28]} 21. Rae1 {[%emt 0:03:45]} Nd3 {[%emt 0:03:26]} 22. Re3 {[%emt 0:01:08]} Qd4 {[%emt 0:01:05]} 23. h4 {[%emt 0:02:44]} a5 {[%emt 0:06:10]} 24. a4 {[%emt 0:03:01]} Rae8 {[%emt 0:02:54]} 25. Kh2 {[%emt 0:00:57]} Rf7 {[%emt 0:04:34]} 26. Bh3 {[%emt 0:01:46]} Kh8 {[%emt 0:03:35]} 27. Rfe1 {[%emt 0:01:26]} Ref8 {[%emt 0:01:28]} 28. Bf1 {[%emt 0:01:47]} Qg7 {[%emt 0:00:31]} 29. Bxd3 {[%emt 0:00:21]} exd3 {[%emt 0:00:04]} 30. Qxd3 {[%emt 0:00:17]} Qb2+ {[%emt 0:00:43]} 31. R3e2 {[%emt 0:00:52]} Qg7 {[%emt 0:00:19]} 32. Re6 {[%emt 0:00:52]} Qb2+ {[%emt 0:00:43]} 33. R1e2 {[%emt 0:01:11]} Qc1 {[%emt 0:00:33]} 34. Qd4+ {[%emt 0:00:20]} Kg8 {[%emt 0:00:34]} 35. g6 {[%emt 0:01:06]} Rg7 {[%emt 0:00:26]} 36. Rg2 {[%emt 0:00:26]} h5 {[%emt 0:00:35]} 37. Rge2 {[%emt 0:00:35]} Qf1 {[%emt 0:00:28]} 38. Qf2 {[%emt 0:00:41]} Qb1 {[%emt 0:00:25]} 39. Qg3 {[%emt 0:00:20]} Qf1 {[%emt 0:00:29]} 40. Re1 {[%emt 0:00:00]} 1-0

[Event "EYCC 2017"]
[Site "Mamaia"]
[Date "2017.09.12"]
[Round "7"]
[White "Ciocan, Maria-Alexandra"]
[Black "Afonasieva, Anna"]
[Result "0-1"]
[WhiteElo "2015"]
[BlackElo "2263"]
[Annotator "TA"]
[PlyCount "80"]
[EventDate "2017.??.??"]
[EventType "swiss"]
[EventCountry "ROU"]
[SourceTitle "playchess.com"]
[Source "ChessBase"]
[SourceQuality "1"]

{[%evp 15,80,-14,-6,-18,0,0,48,47,42,60,41,-48,41,-76,-74,-85,-11,-24,-28,-74,-68,-113,-59,-75,0,0,28,0,0,0,0,0,0,-6,0,-43,33,18,184,188,205,90,102,67,63,21,66,34,42,0,0,0,0,0,56,-3,-3,-2,-2,-4,0,0,0,-29983,-29984,-29993,-1017]} 1. e4 c5 2. Nf3 d6 3. g3 Nc6 4. Bg2 g6 5. O-O Bg7 6. c3 Nf6 7. Re1 O-O {B50: Sicilian: 2...d6, Miscellaneous} 8. h3 e5 {LiveBook: 14 Games} 9. Na3 (9. d3 h6 10. a3 Be6 11. b4 b6 12. Bb2 Qc8 13. Kh2 Rd8 14. Nbd2 Qc7 15. Rc1 Qe7 16. d4 exd4 17. cxd4 {½-½ (36) Amin,B (2635)-Mamedov,R (2659) Dubai 2014}) 9... b6 {The position is equal.} 10. d4 Ba6 11. Qa4 $146 {aiming for dxe5.} ({Predecessor:} 11. Be3 Re8 12. dxe5 dxe5 13. Qa4 Bb7 {0-1 (42) Kitagami,S (2059)-Sevillano,E (2512) Los Angeles 2008}) 11... Bb7 12. d5 Ne7 13. b4 (13. c4 $14) 13... cxb4 ({Better is} 13... Nxe4 $1 $15 14. Rxe4 Nxd5) 14. cxb4 {[#]} (14. Qxb4 $14 {was the only good move.} Nd7 15. Be3 (15. Qxd6 Nc8 $11)) 14... Nfxd5 $1 $17 {[%mdl 512] Threatens to win with ...Nc3.} 15. Bb2 {[#]} (15. exd5 e4) 15... Nf6 (15... Nc7 $1 $17) 16. Rad1 $1 $11 Qb8 17. Nd2 a6 18. b5 Nd7 (18... axb5 $17 19. Qxb5 Bc6) 19. Ndc4 Rd8 (19... axb5 $17 20. Qxb5 Bc6) 20. Rxd6 Nc5 21. Qd1 Rxd6 22. Nxd6 axb5 23. Naxb5 Bc6 24. Ba3 Ne6 25. Qf3 Qf8 (25... Nf5 $1 $15 26. Rc1 Nxd6 27. Bxd6 Qb7) 26. Rc1 Nd4 $2 (26... Bxb5 $1 $11 {and Black has nothing to worry.} 27. Nxb5 Qe8) 27. Nxd4 $18 exd4 28. Qb3 (28. Bb4 $18 {and White stays clearly on top.}) 28... Bd7 29. e5 Be6 30. Qd3 Bxe5 31. Bxa8 Qxa8 32. Kh2 (32. Re1 $5 {[%cal Re1e5]} Bxh3 33. Qe4 Qxa3 34. Qxe5 $14) 32... Nf5 33. Nxf5 Bxf5 34. Qb3 d3 ({Black should try} 34... h5 $11) 35. Qb4 ({White should play} 35. Re1 $14 Bf6 36. Bb2 Bxb2 37. Qxb2) 35... h5 $11 {White must now prevent ...Be6.} 36. Re1 Bg7 37. Bb2 Qf3 $36 {[%mdl 2048] Black has good play.} 38. Qxb6 {And now Bxg7 would win.} Be4 {[%csl Ge4][%cal Rf3g2]} 39. Rg1 $2 {[%mdl 8192] [#]} (39. Rxe4 $11 Qxe4 40. Bxg7 Kxg7 41. Qb2+ Kh7 42. Qb3) 39... h4 $1 40. gxh4 Kh7 {Precision: White = 37%, Black = 41%.} (40... d2 $142 41. Bd4 d1=Q 42. Qb8+ Kh7 43. Qh8+ Bxh8 44. Bxh8 Qxf2+ 45. Rg2 Qxg2#) 0-1

[Event "EYCC 2017"]
[Site "Mamaia"]
[Date "2017.09.12"]
[Round "7"]
[White "Fiszer, Bartosz"]
[Black "Klimkowski, Jan"]
[Result "1/2-1/2"]
[WhiteElo "2009"]
[BlackElo "1761"]
[Annotator "NA RC"]
[PlyCount "78"]
[EventDate "2017.??.??"]
[EventType "swiss"]
[EventCountry "ROU"]
[SourceTitle "playchess.com"]
[Source "ChessBase"]
[SourceQuality "1"]
[TimeControl "40/5400+30:1800+30"]

1. e4 {[%emt 0:00:00]} c5 {[%emt 0:00:14]} 2. Nf3 {[%emt 0:00:00]} d6 {[%emt 0:00:17]} 3. d4 {[%emt 0:00:00]} cxd4 {[%emt 0:00:11]} 4. Nxd4 {[%emt 0:00:00]} Nf6 {[%emt 0:00:30]} 5. Nc3 {[%emt 0:00:00]} a6 {[%emt 0:00:12]} 6. Nb3 {[%emt 0:00:00]} g6 {[%emt 0:00:08] B90: Sicilian Najdorf: Unusual White 6th moves, 6 Be3 Ng4 and 6 Be3 e5} (6... e5 7. Bg5 Be7 8. Bxf6 Bxf6 9. Qd3 Be6 10. O-O-O Be7 11. Nd5 Bxd5 12. Qxd5 Qc7 13. Kb1 O-O 14. Na5 Nc6 15. Nc4 Rad8 {1-0 (50) Grischuk,A (2737)-Nepomniachtchi,I (2767) Doha 2016}) 7. Be2 {[%emt 0:00:31]} Bg7 {[%emt 0:00:22]} 8. Be3 {[%emt 0:00:07]} Nbd7 {[%emt 0:03:39]} 9. g4 $146 {[%emt 0:02:29]} ({Find the theoretical novelty and annotate with similar games:} 9. a4 b6 10. f4 Bb7 11. Bf3 Rc8 12. Bd4 e5 13. Bf2 Qe7 14. Qd3 exf4 {0-1 (50) Hinrichs,L (1877)-Schroeder,C (2184) Hamburg 2012}) 9... h5 {[%emt 0:01:31]} 10. g5 {[%emt 0:01:45]} Ng4 {[%emt 0:00:09]} 11. Bf4 {[%emt 0:17:41]} Nge5 {[%emt 0:08:51]} 12. a4 {[%emt 0:02:43]} Nb6 {[%emt 0:03:22]} 13. Bc1 {[%emt 0:03:28]} a5 {[%emt 0:12:42]} 14. Nd5 {[%emt 0:13:11]} Nxd5 {[%emt 0:02:13]} 15. Qxd5 {[%emt 0:01:14]} Bd7 {[%emt 0:03:13]} 16. Qxb7 {[%emt 0:01:45]} O-O {[%emt 0:02:45]} 17. Bb5 $2 {[%emt 0:15:38]} (17. Nd4 $17) 17... Rb8 {[%emt 0:07:11]} 18. Qa6 {[%emt 0:04:09]} Ra8 $2 {[%emt 0:15:53]} ({Lieber} 18... Bxb5 $19 19. axb5 Qc7) 19. Qb7 {[%emt 0:00:14]} Bg4 {[%emt 0:06:07]} 20. f4 $17 {[%emt 0:06:44]} Nf3+ {[%emt 0:06:45]} 21. Kf1 {[%emt 0:06:21]} Nd4 {[%emt 0:02:24]} 22. Nxd4 {[%emt 0:04:46]} Bxd4 {[%emt 0:00:07]} 23. Qd5 {[%emt 0:03:45]} e5 {[%emt 0:03:45]} 24. Qb3 {[%emt 0:02:03]} Qc7 {[%emt 0:05:58]} 25. Qd3 {[%emt 0:02:42]} d5 {[%emt 0:02:54]} 26. fxe5 {[%emt 0:02:06]} Qxe5 {[%emt 0:04:33]} 27. c3 {[%emt 0:01:01]} Bb6 {[%emt 0:00:26]} 28. Qxd5 {[%emt 0:07:52]} Qxd5 {[%emt 0:00:36]} 29. exd5 {[%emt 0:00:07]} Bf3 {[%emt 0:00:10]} 30. Rg1 {[%emt 0:00:17]} Bxg1 {[%emt 0:01:00]} 31. Kxg1 {[%emt 0:00:03]} Bxd5 {[%emt 0:00:57]} 32. c4 {[%emt 0:00:17]} Be4 {[%emt 0:01:33]} 33. Bd2 {[%emt 0:00:42]} Rfc8 {[%emt 0:01:18]} 34. Rc1 {[%emt 0:00:16]} Bc6 {[%emt 0:00:38]} 35. Be3 {[%emt 0:01:34]} Rab8 {[%emt 0:01:53]} 36. Bf4 {[%emt 0:00:41]} Ra8 {[%emt 0:00:53]} 37. Be3 {[%emt 0:00:08]} Rab8 {[%emt 0:00:36]} 38. Bf4 {[%emt 0:00:07]} Ra8 {[%emt 0:00:04]} 39. Be3 {[%emt 0:00:08]} Rab8 {[%emt 0:01:14]} 1/2-1/2

[Event "EYCC 2017"]
[Site "Mamaia"]
[Date "2017.09.12"]
[Round "7"]
[White "Weis, Olga"]
[Black "Janiashvili, Mariami"]
[Result "0-1"]
[WhiteElo "2005"]
[BlackElo "1875"]
[Annotator "NA RC"]
[PlyCount "52"]
[EventDate "2017.??.??"]
[EventType "swiss"]
[EventCountry "ROU"]
[SourceTitle "playchess.com"]
[Source "ChessBase"]
[SourceQuality "1"]
[TimeControl "40/5400+30:1800+30"]

1. d4 {[%emt 0:00:00]} e6 {[%emt 0:00:01]} 2. c4 {[%emt 0:00:00]} f5 {[%emt 0:00:03]} 3. Nc3 {[%emt 0:03:00]} Nf6 {[%emt 0:00:45]} 4. a3 {[%emt 0:03:24]} Be7 {[%emt 0:02:00]} 5. Bf4 {[%emt 0:01:17]} d6 {[%emt 0:00:25]} 6. e3 {[%emt 0:01:04]} O-O {[%emt 0:00:16]} 7. Bd3 {[%emt 0:06:18]} Nbd7 {[%emt 0:00:11]} 8. Bg3 {[%emt 0:01:42]} Qe8 {[%emt 0:02:41]} 9. Nge2 {[%emt 0:07:37]} Bd8 {[%emt 0:01:24]} 10. b4 {[%emt 0:04:54]} Nh5 {[%emt 0:04:18]} 11. Qc2 {[%emt 0:07:46]} Qf7 {[%emt 0:01:20]} 12. f4 {[%emt 0:05:42]} Ndf6 {[%emt 0:07:54]} 13. O-O {[%emt 0:10:53]} Ng4 {[%emt 0:02:32]} 14. Rf3 {[%emt 0:00:41]} g6 {[%emt 0:12:48]} 15. h3 {[%emt 0:06:55]} Nh6 {[%emt 0:03:38]} 16. e4 {[%emt 0:02:57]} Bd7 {[%emt 0:03:56]} 17. d5 {[%emt 0:06:14]} Bf6 {[%emt 0:04:31]} 18. Bh2 {[%emt 0:02:19]} exd5 {[%emt 0:03:38]} 19. cxd5 {[%emt 0:00:21]} Rae8 {[%emt 0:03:06]} 20. Re1 {[%emt 0:02:16]} Ng7 {[%emt 0:06:33]} 21. Nd1 {[%emt 0:01:55]} fxe4 {[%emt 0:01:34]} 22. Bxe4 {[%emt 0:00:06]} Bf5 {[%emt 0:00:54]} 23. Bxf5 {[%emt 0:01:42]} Nhxf5 {[%emt 0:00:28]} 24. Qd2 {[%emt 0:00:38]} Nd4 {[%emt 0:03:11]} 25. Re3 {[%emt 0:02:36]} Qxd5 {[%emt 0:02:54]} 26. Nec3 {[%emt 0:01:25]} Nf3+ {[%emt 0:00:45]} 0-1

[Event "EYCC 2017"]
[Site "Mamaia"]
[Date "2017.09.12"]
[Round "7"]
[White "Srdanovic, Jovana"]
[Black "Miroshnik, Ekaterina"]
[Result "1/2-1/2"]
[WhiteElo "1994"]
[BlackElo "2006"]
[Annotator "NA RC"]
[PlyCount "50"]
[EventDate "2017.??.??"]
[EventType "swiss"]
[EventCountry "ROU"]
[SourceTitle "playchess.com"]
[Source "ChessBase"]
[SourceQuality "1"]
[TimeControl "40/5400+30:1800+30"]

1. d4 {[%emt 0:00:00]} d5 {[%emt 0:00:04]} 2. Bf4 {[%emt 0:00:00]} Nf6 {[%emt 0:00:06]} 3. e3 {[%emt 0:00:00]} e6 {[%emt 0:00:03]} 4. Nd2 {[%emt 0:00:00]} c5 {[%emt 0:00:06]} 5. c3 {[%emt 0:00:03]} Nc6 {[%emt 0:00:04]} 6. Ngf3 {[%emt 0:00:11]} cxd4 {[%emt 0:00:27]} 7. exd4 {[%emt 0:00:11]} Nh5 {[%emt 0:00:21]} 8. Be5 {[%emt 0:06:05]} f6 {[%emt 0:00:14]} 9. Bg3 {[%emt 0:00:12]} Nxg3 {[%emt 0:00:49]} 10. hxg3 {[%emt 0:00:10]} g6 {[%emt 0:00:04]} 11. Bd3 {[%emt 0:14:18]} Bg7 {[%emt 0:00:32]} 12. Nf1 {[%emt 0:04:23]} e5 {[%emt 0:16:00]} 13. dxe5 {[%emt 0:01:52]} fxe5 {[%emt 0:04:17]} 14. Bc2 {[%emt 0:04:39]} Be6 {[%emt 0:05:08]} 15. Qe2 {[%emt 0:09:33]} Qf6 {[%emt 0:06:45]} 16. Ne3 {[%emt 0:05:10]} a6 {[%emt 0:07:39]} 17. Bb3 {[%emt 0:02:01]} Rd8 {[%emt 0:05:01]} 18. Rd1 {[%emt 0:00:42]} Ne7 {[%emt 0:01:33]} 19. O-O {[%emt 0:05:19]} O-O {[%emt 0:01:04]} 20. Rfe1 {[%emt 0:01:07]} h5 {[%emt 0:12:22]} 21. a4 {[%emt 0:16:58]} Kh8 {[%emt 0:08:36]} 22. Nd2 {[%emt 0:07:05]} Nc6 {[%emt 0:06:06]} 23. Nf3 {[%emt 0:03:56]} Ne7 {[%emt 0:03:21]} 24. Nd2 {[%emt 0:01:00]} Nc6 {[%emt 0:07:00]} 25. Nf3 {[%emt 0:00:33]} Ne7 {[%emt 0:00:05]} 1/2-1/2

[Event "EYCC 2017"]
[Site "Mamaia"]
[Date "2017.09.12"]
[Round "7"]
[White "Avetisyan, Mariam"]
[Black "Korchagina, Alena"]
[Result "0-1"]
[WhiteElo "1976"]
[BlackElo "2158"]
[Annotator "TA"]
[PlyCount "116"]
[EventDate "2017.??.??"]
[EventType "swiss"]
[EventCountry "ROU"]
[SourceTitle "playchess.com"]
[Source "ChessBase"]
[SourceQuality "1"]

{[%evp 19,116,22,22,25,63,64,60,37,46,49,89,30,21,21,16,23,30,18,30,14,12,13,16,0,0,0,4,4,31,29,35,0,68,71,59,10,162,162,154,0,0,0,0,0,0,0,0,0,0,0,0,0,0,0,0,0,0,0,0,0,0,0,0,0,0,-537,-537,-535,-535,-535,-535,-535,-531,-518,-510,-472,-452,-625,-683,-683,-664,-544,-506,-763,-676,-1339,-1301,-1300,-1275,-1159,-1162,-1180,-1177,-1289,-964,-1279,-1173,-1908,-1798]} 1. e4 c5 2. Nf3 e6 3. d4 cxd4 4. Nxd4 a6 5. c4 Nf6 6. Nc3 Qc7 7. Be2 Bb4 8. Qd3 Nc6 9. Nxc6 {B41: Sicilian: Kan Variation: 5 c4} dxc6 10. a3 Bd6 {LiveBook: 3 Games} (10... Be7 11. f4 e5 12. Qg3 g6 13. fxe5 Nd7 14. Bf4 g5 15. Be3 Nxe5 16. Bd4 f6 {1-0 (37) Popov,I (2650)-Smirin,I (2658) Minsk 2015}) 11. Bg5 {The position is equal.} Nd7 12. Rd1 Be5 $146 ({Predecessor:} 12... Bf4 13. Bxf4 Qxf4 14. O-O O-O 15. Qd6 Qxd6 16. Rxd6 e5 {½-½ (88) Kovalevskaya,E (2437)-Lauterbach,I (2104) Germany 2017}) 13. g3 (13. c5 $5) 13... O-O 14. Be3 f5 15. exf5 (15. f4 $16 Bxc3+ 16. Qxc3 (16. bxc3 Qa5 $14)) 15... exf5 $11 16. f4 Bxc3+ 17. Qxc3 Nf6 18. O-O Re8 19. Bf3 Ne4 20. Bxe4 Rxe4 21. Bd4 Be6 22. Be5 Qf7 23. b3 $36 {[%mdl 2048] White is pushing.} h5 24. Rd6 Re8 25. a4 {[%cal Ba3a4,Ba4a5][%mdl 32]} Qg6 ({Black should play} 25... b5 $1 $11) 26. a5 $14 h4 27. Qf3 hxg3 $2 (27... Qg4 $11) 28. hxg3 $18 Kf7 {[#]} 29. Rfd1 $2 (29. Kf2 $1 $16) 29... Qg4 $11 30. Qxg4 fxg4 31. R6d4 Re3 32. R4d3 Rxd3 (32... Re2 {keeps more tension.} 33. R3d2 Re3 34. Rd3) 33. Rxd3 {[%mdl 4096] Endgame KRB-KRB} Bf5 34. Rd4 Rh8 35. b4 Rc8 36. c5 Rh8 37. Rd2 Rh3 38. Kg2 Be4+ 39. Kf2 Bd5 40. Re2 Rh2+ 41. Ke3 Rh1 42. f5 $2 {[%mdl 8192] [#]} (42. Kd3 $11 {and White is okay.}) 42... Bf3 $1 $19 {Black is clearly winning.} 43. Rd2 Re1+ 44. Kf4 Re4+ 45. Kg5 {Bf4 is the strong threat.} Rxe5 {KRB-KR} 46. Rd7+ Re7 47. Rd8 Be2 48. Kf4 g6 49. Kg5 gxf5 50. Kxf5 Bf3 51. Rb8 (51. Rh8 $142) 51... Rd7 52. Kg5 Ke6 53. Rf8 Rg7+ 54. Kh6 Rf7 55. Rd8 Rd7 56. Re8+ Kd5 57. Rf8 Kc4 58. Rf4+ Rd4 {Precision: White = 54%, Black = 69%.} 0-1

[Event "EYCC 2017"]
[Site "Mamaia"]
[Date "2017.09.12"]
[Round "7"]
[White "Maurizzi, Marc Andria"]
[Black "Han, Yichen"]
[Result "1-0"]
[WhiteElo "1947"]
[BlackElo "1884"]
[Annotator "NA RC"]
[PlyCount "61"]
[EventDate "2017.??.??"]
[EventType "swiss"]
[EventCountry "ROU"]
[SourceTitle "playchess.com"]
[Source "ChessBase"]
[SourceQuality "1"]
[TimeControl "40/5400+30:1800+30"]

1. e4 e5 2. Nf3 Nc6 3. d4 exd4 4. Nxd4 Bc5 5. Nb3 Bb4+ 6. c3 Be7 7. f4 d6 8. Bd3 Nf6 9. O-O O-O 10. N1d2 d5 11. e5 Ne8 12. Nd4 f6 13. Nxc6 bxc6 14. Nf3 Bg4 15. h3 Bxf3 16. Rxf3 fxe5 17. fxe5 Rxf3 18. Qxf3 Bc5+ 19. Be3 Bxe3+ 20. Qxe3 Qe7 21. Rf1 g6 22. e6 Nd6 23. Re1 Nb7 24. Kh1 a5 25. Qg3 Nc5 26. Bc2 Re8 27. Bxg6 hxg6 28. Qxg6+ Qg7 29. Qxe8+ Kh7 30. Qh5+ Kg8 31. e7 1-0